Score 0/7 Timer 03:00
0 Plays Today
Question Answer Wrong Answers
Juliette Gordon Low establishes the first American branch of Girl Guides, which eventually became this organization.
1912
Girl Scouts
94%
Campfire Girls
2.1%
Pathfinders
1.8%
Frontier Girls
1.1%
This leader of the Indian independence movement begins his 200 mile march in protest of the British salt tax.
1930
Mahatma Gandhi
89.9%
Jawaharlal Nehru
5.7%
Subhas Chandra Bose
1.3%
Bhimrao Ramji Ambedkar
1.1%
US President Franklin Delano Roosevelt begins his series of evening radio conversations, which would become known as this.
1933
Fireside chats
84.9%
State of the union address
8.1%
This American Life
2.6%
Pep talks
2.1%
This drink is sold in bottles for the first time in Vicksburg, Mississippi.
1894
Coca-Cola
77.7%
Dr. Pepper
16.5%
Budweiser
2.9%
Schweppes
2.8%
This former Governor of Massachusetts and US presidential candidate is born in Detroit, Michigan.
1947
Mitt Romney
61.2%
Bob Dole
6.3%
John Kerry
20.5%
John McCain
9.2%
This English author of the Discworld fantasy series dies in Broad Chalke, England.
2015
Terry Pratchett
58%
Douglas Adams
15.6%
Terry Goodkind
14.5%
Robert Jordan
8.5%
This musical premieres on Broadway and runs until May 18, 2003 after a total of 6,680 performances.
1987
Les Misérables
18.3%
Miss Saigon
4%
Cats
56.4%
Phantom of the Opera
18.4%
Remove Ads.
Support Sporcle.
Get the best of Sporcle when you Go Orange. This ad-free experience offers more features, more stats, and more fun while also helping to support Sporcle. Thank you for becoming a member.

You're not logged in!

Compare scores with friends on all Sporcle quizzes.
OR
Log In

Show Comments

Extras

Top Quizzes Today


Score Distribution

Your Account Isn't Verified!

In order to create a playlist on Sporcle, you need to verify the email address you used during registration. Go to your Sporcle Settings to finish the process.

Report this User

Report this user for behavior that violates our Community Guidelines.

Details: